All 4-Letter Words Starting with “U” - Statistics

General Stats
  • This quiz has been taken 847 times
    463 since last reset
  • The average score is 11 of 43
Answer Stats
Word % Correct
user
81%
used
79%
uses
79%
undo
73%
unit
67%
unto
63%
ugly
59%
upon
52%
urge
48%
urns
47%
umps
43%
ukes
35%
utes
35%
ughs
34%
unis
33%
ulna
29%
undy
24%
urea
23%
unde
20%
urbs
16%
unco
15%
uric
15%
ursa
15%
udon
13%
unbe
11%
ulva
10%
updo
10%
urps
10%
uvea
10%
umph
9%
ulan
7%
ulus
7%
umbo
7%
upas
7%
urds
7%
utas
7%
unci
6%
umma
5%
unau
5%
udos
4%
unai
4%
urus
4%
upby
3%
No matching quizzes found
Score Distribution
Percent of People with Each Score
Percentile by Number Answered
Your Score History
You have not taken this quiz since the last reset